| 000 | 01069nas a2200349 4500 | ||
|---|---|---|---|
| 001 | BR2015006337 | ||
| 003 | BR-BrBNA | ||
| 005 | 20231205125849.0 | ||
| 007 | ta | ||
| 008 | 230509b bl.|||p| |||| 00| 00por d | ||
| 040 |
_aBR-BrBNA _bpor _cBiblioteca Nacional de Agricultura |
||
| 041 | _a(En) | ||
| 072 | _aQ04 | ||
| 100 | 1 | _aZeola, N.M.B.L. | |
| 100 | 1 | _aSilva Sobrinho, A.G. da | |
| 100 | 1 | _aHatsumura, C.T. | |
| 100 | 1 | _aBorghi, T.H. | |
| 100 | 1 | _aViegas, C.R. | |
| 100 | 1 | _aBarbosa, J.C. | |
| 245 | 1 | _aProduction, composition and processing of milk from ewes fed soybean seeds | |
| 650 | _aOVELHA | ||
| 650 | _aDIETA | ||
| 650 | _aLEITE | ||
| 650 | _aQUEIJO | ||
| 650 | _aPROPRIEDADE FÍSICO-QUÍMICA | ||
| 650 | _aÁCIDO GRAXO | ||
| 650 | _aANÁLISE ORGANOLÉPTICA | ||
| 773 | 0 |
_tRevista Brasileira de Zootecnia (Brazil) _xISSN 1806-9290 _g(Apr 2015), v. 44(3) p. 146-154 _wBR2015006337 |
|
| 856 | 4 | 0 | _uhttp://www.scielo.br/pdf/rbz/v44n4/1516-3598-rbz-44-04-00146.pdf |
| 909 |
_a202311 _bLúcia _c55 _dLúcia Elande |
||
| 942 |
_2AGRIS _n0 _cANA |
||
| 999 |
_c246584 _d246584 |
||